00261nam a2200097Ia 4500008004100000245002500041245002000066260000900086650001700095856005100112171211s9999 xx 000 0 und d aAll-In Fighting 1942 cW. E. Fairbairn c2007 xMartial Arts uhttp://down.ebook777.com/064/9781581605068.pdf